000 00372nam a22001337a 4500
020 _a9781639875238
082 _a338.4791
_bBRY
100 _aBryant, Tim
245 _aThe Business of Travel Agency and Tour Operations /
_cTim Bryant
260 _aNew York :
_bMurphy & Moore Publishing,
_c2021.
300 _a235 p. ;
_c26 cm.
563 _aHBK.
942 _2ddc
_cBK
999 _c590442
_d590442